| 000 | 01209nam a22003257a 4500 | ||
|---|---|---|---|
| 003 | CHAP | ||
| 005 | 20220329134930.0 | ||
| 008 | 971013s1990 r 10010 d | ||
| 010 | _a28266 | ||
| 011 | _a29238 | ||
| 035 | _a33349 | ||
| 040 | _cCHAP | ||
| 082 |
_a631.7063 _bN3 1990 |
||
| 111 | 0 | 0 |
_aNational Irrigation Symposium ( _n3 _d: 1990 _c: Phoenix, Arizona ) _980361 |
| 245 |
_aVisions of the future _b: proceedings |
||
| 260 |
_aSt. Joseph, Michigan : _bAmerican Society of Agricultural Engineers, _c1990 |
||
| 300 |
_a761 p. _b: ilus. |
||
| 590 |
_aBATCH-UPD _b10 _c20130109 _lUCH01 _h2324 |
||
| 590 |
_aBATCH-UPD _b10 _c20130110 _lUCH01 _h0327 |
||
| 590 |
_aBATCH-UPD _b10 _c20130110 _lUCH01 _h1613 |
||
| 590 |
_aBATCH-UPD _b10 _c20130410 _lUCH01 _h0000 |
||
| 590 |
_aBATCH-UPD _b10 _c20130914 _lUCH01 _h0314 |
||
| 590 |
_aCONVERSION _b10 _c20130109 _lUCH01 _h1316 |
||
| 650 | 1 | 4 |
_aIrrigación _xCongresos. _960390 |
| 710 | 0 |
_aAmerican Society of Agricultural Engineers. _95291 |
|
| 710 | 0 |
_aAnnual International Irrigation Exposition (11 : 1990 : Phoenix, Arizona) _95951 |
|
| 901 | _aBK | ||
| 942 | _cLIBRO | ||
| 949 |
_a631.7063 N3 1990 _bBC _cLIBRO _d33724000168951 _eLIBRO _gI.174070 _h87708 _i33349 _si _t220.35 |
||
| 999 |
_c28266 _d28266 |
||